Mujer y política: ensayo sobre el feminismo y el sujeto popular /
Guardat en:
| Autor principal: | |
|---|---|
| Format: | Desconegut |
| Idioma: | Spanish |
| Publicat: |
San José, Costa Rica:
Editorial Departamento Ecuménico de Investigaciones, DEI
|
| Edició: | 2nd. edición |
| Col·lecció: | Colección Mujer Latinoamericana
|
| Matèries: | |
| Etiquetes: |
Afegir etiqueta
Sense etiquetes, Sigues el primer a etiquetar aquest registre!
|
MARC
| LEADER | 00000 a2200000 04500 | ||
|---|---|---|---|
| 001 | 48406 | ||
| 003 | cru CIDCACS/IIS | ||
| 005 | 20170908160809.0 | ||
| 008 | 050610s1988 cr spa d | ||
| 999 | |c 14538 |d 14538 | ||
| 020 | |a 9977-904-61-8 | ||
| 022 | |a 9977-904-61-8 | ||
| 040 | |c CIDCACS/IIS | ||
| 090 | |a 05.03.03 S683m | ||
| 100 | |a Sojo, Ana | ||
| 245 | |a Mujer y política: |b ensayo sobre el feminismo y el sujeto popular / |c Ana Sojo | ||
| 250 | |a 2nd. edición | ||
| 260 | |a San José, Costa Rica: |b Editorial Departamento Ecuménico de Investigaciones, DEI | ||
| 300 | |a 108 páginas | ||
| 440 | |a Colección Mujer Latinoamericana | ||
| 500 | |a Colección CODEHUCA | ||
| 650 | |a MUJERES | ||
| 650 | |2 Macrothesauro de la OCDE/ | ||
| 650 | |a POLITICA | ||
| 650 | |2 Macrothesauro de la OCDE/ | ||
| 650 | |a FEMINISMO | ||
| 650 | |2 Macrothesauro de la OCDE/ | ||
| 650 | |a PARTICIPACION DE LA MUJER | ||
| 650 | |2 Macrothesauro de la OCDE/ | ||
| 650 | |a ETICA | ||
| 650 | |2 Macrothesauro de la OCDE/ | ||
| 650 | |a PODER | ||
| 650 | |2 Macrothesauro de la UNA/ | ||
| 942 | |2 ddc |c LI | ||



